Statistics for Countries that end in 2 consonants

Click here to take the quiz!

General Stats

  • This quiz has been taken 1,720 times
    (1,128 since last reset)
  • The average score is 13 of 18

Answer Stats

Answer% Correct
Finland
89%
Iceland
86%
Ireland
86%
New Zealand
80%
Netherlands
78%
Denmark
77%
Poland
77%
Egypt
74%
Thailand
73%
Switzerland
72%
Germany
70%
Luxembourg
66%
Marshall Islands
62%
Solomon Islands
61%
Hungary
60%
Italy
60%
Bangladesh
56%
Vatican City
48%

Score Distribution

Percentile by Number Answered

Percent of People with Each Score

Your Score History

You have not taken this quiz since the last reset